| 000 | 01451nam2a2200217 4500 | ||
|---|---|---|---|
| 001 | RU\NLR\bibl\2012959 | ||
| 005 | 20250616213940.0 | ||
| 035 | _a(NLR Aleph) 002001444 | ||
| 090 |
_a4364956 _c4364956 |
||
| 100 | _a20130319d2007 |||y0rusy50 ca | ||
| 101 | 0 | _arus | |
| 102 | _aRU | ||
| 105 | _ay ||||||||| | ||
| 200 | 0 | _aКн. 2 | |
| 215 | _a259 с. | ||
| 327 | 1 | _aСодерж.: Метель; Моцарт и Сальери; О народной драме и о "Марфе Посаднице" М.П. Погодина; Опровержения на критики и замечания на собственные сочинения; Опыт отражения некоторых нелитературных обвинений; Пир во время чумы; Сказка о медведихе; Сказка о попе и работнике его Балде; Скупой рыцарь; Цыганы; Стихи; Письма | |
| 461 | 0 |
_1001RU\NLR\bibl\2015409 _12001#$aБолдинские произведения, 1830$vКн. 2 _94396893 _aПушкин, А. С. (поэт ; 1799-1837) _cБолдино _d2007 _fА.С. Пушкин _n[б. и.] _oк 175-летию "Болдинской осени" : [сувенирный набор из двух книг в футляре] _tБолдинские произведения, 1830 _y9785749312119 _vКн. 2 |
|
| 801 | 0 |
_aRU _bNLR _c20130319 _gRCR |
|
| 801 | 1 |
_aRU _bNLR _c20130319 |
|
| 942 | _cBOOK | ||
| 980 | _aNB | ||